000 00322nam a22001337a 4500
020 _a978-93-83080-03-8
082 _a425
_bKAN/S
100 _aKANDAPARAMBIL, JOHNY V
245 _aSIMPLIFIED ENGLISH GRAMMAR AND USAGE
260 _aTHRISSUR
_bH&C BOOKS
300 _a96
650 _aENGLISH GRAMMAR
_zTHRISSUR
942 _cBK
999 _c3798
_d3798